000 00914nam a22002897a 4500
001 8044
003 FISKH
005 20250819133621.0
008 250819b cb ||||| |||| 00| 0 eng d
020 _a9780316110525
040 _aFISKH
_beng
_cFISKH
_dFISKH
050 _aPZ7.B81618 D
082 _a791.45
100 _aBrown, Marc
_d (1946–)
245 _aD.W. ride again! /
_cMarc Brown
250 _aThis edition first published in 1993
260 _aCanada :
_bLittleBrown,
_c1993
300 _a22 unnumbered pages :
_bcolor illustrations ;
_c21 cm
505 _aG
520 _aD.W. graduates from a tricycle to her first two-wheeler and under Arthur's careful guidance learns the basics of bicycle safety.
521 8 _a310
_bLexile
521 8 _aG
_bRaz-Plus
650 _2Marc Brown
_aPicture book
650 _2Bike riding
_aTraining wheels
942 _2ddc
_cBK
_n0
999 _c8044
_d8044